1259 1121 1557 1798 1930 1459 1481 1220 1056 1570 1449 1533 1563 1485 1536 1697 1032 1145 1933 1637 1540 1697 1014 1328 1816 1218 1775 1646 1426 1315 1075 1757 1830 1697 1845 1624 1430 1406 1237 1515 1633 1317 1484 1745 1095 1872 1072 1278 1531 1664 1309 1760 1609 1183 1900 1899 1432 1940 1179 1827 1745 1445 1326 1719 1698 1232 1671 1747 1158 1125 1630 1591 1239 1978 1215 1694 1502 1777 1862 1685 1878 1568 1910 1829 1246 1126 1977 1938 1248 1635 1719 1424 1467 1049 1695 1890 1652 1121 1773 BCNSPRNW ULIB Ver.6.0+V

เปลี่ยนเป็นภาษาไทย

Change to English
 แสดงรายละเอียดบรรณานุกรม
  กลับหน้าหลัก

Brief Record : Get Marc (ISO 2709) : E-mail record : QR code < ปิดหน้าต่าง
LEADER : 00000nam 2200000uu 4500
001    13399127756
003     ULIB
008    210519s2562||||th 000 0 tha d
020 ^- ^a9786160037919
050 ^- ^aนว.^bก371ค
100 0^ aกนิษฐา ปานเกตุ.
245 10 ^aคุณพ่อสายลับ =My daddy is sitting bull /^cกรรัมภา.
246 11 ^aMy daddy is sitting bull
250 ^- ^aพิมพ์ครั้งแรก.
260 ^- ^aกรุงเทพฯ :^bพิมพ์คำ,^c2562
300 ^- ^a519 หน้า.
490 1^ aชุด Love choices รักลงเอย ;[ลำดับที่ 1]
945    ^p360^l0^i28901
999    ^aกัณชพร จุลอักษร
รายการนี้ยังไม่มีแท็ก
คุณยังไม่ได้ล็อกอิน คุณสามารถมีกิจกรรมร่วมกับเว็บไซต์ได้ แต่ต้องล็อกอินก่อน ::
  ล็อกอิน

รายการสื่อสารสนเทศ

ลำดับที่ ประเภท เลขเรียก/บาร์โค้ด สถานที่ สถานะ
1. วิทยาศาสตร์การแพทย์ และสุขภาพ
วิทยาศาสตร์การแพทย์ และสุขภาพ
นว. ก371ค ฉ.1 
  Barcode: 28901
ห้องสมุดวิทยาเขตนครสวรรค์
►นวนิยาย:l:Fiction
บนชั้น

BibComment


ยังไม่เคยถูกคอมเมนท์

คอมเมนท์ทรัพยากรรายการนี้
  คอมเมนท์: คุณพ่อสายลับ My ..


 Copyright 2026. Bcnsprnw @Library